La guerra eterna. Grandes pandemias de la historia
-д хадгалсан:
| Үндсэн зохиолч: | |
|---|---|
| Формат: | Үл мэдэгдэх |
| Хэл сонгох: | англи |
| Хэвлэсэн: |
Barcelona, España:
Galaxia Gutenberg,
2021
|
| Нөхцлүүд: | |
| Шошгууд: |
Шошго нэмэх
Шошго байхгүй, Энэхүү баримтыг шошголох эхний хүн болох!
|
MARC
| LEADER | 00000 a2200000 4500 | ||
|---|---|---|---|
| 003 | CL-VaPUC | ||
| 005 | 20220111104201.0 | ||
| 008 | 211125b2021 ||||| |||| 00| 0 eng d | ||
| 999 | |c 433996 |d 433994 | ||
| 020 | |a 978-8418526503 | ||
| 040 | |c Pontificia Universidad Católica de Valparaíso | ||
| 082 | |a 614.49 MAR 2021 |2 22 | ||
| 100 | 1 | |a Martín-Aceña, Pablo |9 578616 |e autor | |
| 245 | 1 | 3 | |a La guerra eterna. |b Grandes pandemias de la historia |
| 260 | |a Barcelona, España: |b Galaxia Gutenberg, |c 2021 | ||
| 300 | |a 155 páginas | ||
| 583 | |k Cristina María Rojas Aguilar |c 20211125 | ||
| 650 | |a Pandemias |x Historia |9 865384 | ||
| 650 | |a La peste negra |x Historia |9 865385 | ||
| 650 | |a La gripe de 1918 |x Historia |9 865386 | ||
| 942 | |2 ddc |c BK | ||
| 952 | |0 0 |1 0 |2 ddc |4 0 |6 614_490000000000000_MAR_2021 |7 0 |8 A |9 579358 |a BIBHIS |b BIBHIS |d 2021-11-22 |e 36 |g 14998.00 |i 5627079 |o 614.49 MAR 2021 |p 5627079 |r 2025-01-20 |t 1 |v 14998.00 |w 2021-11-22 |y BK |k HIS | ||